000 01118pam a2200337 a 4500
001 4066
003 FISKH
005 20240605092325.0
008 880616t19891988nyua j 000 1 eng
010 _a 88021199
020 _a0688085679
020 _a0688085687 (lib. bdg.) :
_c$11.95
040 _aFISKH
_cFISKH
_dFISKH
_beng
042 _alcac
050 0 0 _aPZ7.B976
_bMy 1989
082 0 0 _a823.914
_219
100 1 _aButler, Dorothy,
_d1925-
245 1 0 _aMy brown bear Barney /
_cby Dorothy Butler ; illustrated by Elizabeth Fuller.
250 _aThis combination was first published in 1998
260 _aNew York :
_bReed Children's Book,
_c1988
300 _a70 unnumbered pages :
_bcolor illustrations ;
_c24 cm
505 _aN
520 _aOn her many travels, a small girl takes many things, especially her brown bear Barney.
521 8 _a580
_bLexile
521 8 _aN
_bRaz-Plus
650 1 _aTeddy bears
_xFiction.
700 1 _aFuller, Elizabeth
_q(Elizabeth A.),
_eillustrator
906 _a7
_bcbc
_corignew
_d1
_eocip
_f19
_gy-gencatlg
942 _2ddc
_cBK
_n0
999 _c4066
_d4066